Pokemon - Plante - Statistiques

Statistiques générales
  • Ce quiz a été pris 23 fois
  • Le résultat moyen est 13 sur 20
Statistiques - réponses
Composition floral Réponse % Correct
Starter de Kalos Marisson
95%
Je possède plusieurs masques Ogerpon
95%
Je peux voyager dans le temps Celebi
90%
Atteint plus de 10m sur une certaine île Noadkoko d'Alola
85%
Je change de coupe suivant les saisons Haydaim
80%
Un vers qui devient dragon Verpom
80%
Ancienne capacité signature de paras et parasect qui permet d'endormir le pokemon adverse Spore
75%
Amélioration maximum de l'attaque drainant les PV Giga-Sangsue
70%
Objet augmentant les attaques plante Graine miracle
60%
Talent immunisant aux attaques plante et offrant un boost d'attaque dès qu'il est touché par une attaque plante Herbivore
60%
Championne de type plante de Kanto Erika
55%
Pierre qui permettati d'obtenir un Phyllali avant la 8G Pierre mousse
55%
Fais évoluer Doudouvet Pierre soleil
55%
Attaque régénatrice suivant le climat Synthèse
55%
Fléau de type plante Chongjian
50%
Permet d'obtenir un Pomdrapi Pomme acidulée
50%
Attaque de zone à taux de critique élevé Tranch'Herbe
50%
Talent doublant la vitesse en temps ensolleilé Chlorophylle
45%
Bébé pokemon de type plante Rozbouton
45%
Possède un Candine Barbara
35%
Aucun quiz correspondant
Distribution des résultats
% des personnes avec chaque résultat
Percentile par nombre de réponses
Votre historique - résultats
Vous n’avez pas pris ce quiz